Spišská Magura ; Levočské vrchy ; Vysoké Tatry : Cykloturistická mapa doplnená o turistické trasy = Cycling map complete with hiking trails = Mapa rowerowa wraz ze szlakami turystycznymi /

Hlavní autor: Siska, Martin
Korporativní autor: VKÚ, akciová spoločnosť
Další autoři: Rusnák, Ernest
Jazyk: Slovenština
Polština
Vydáno: [Kežmarok] : OOCR Tatry-Spiš-Pieniny, 2021
Témata:
Fyzický popis: 1 mapy na 2 částech : obě strany, barevná ; 98 x 91 cm, na listu 98 x 68 cm, složeno na 23 x 12 cm
Language note: Místní jména slovensky a částečně polsky, souběžný slovenský, anglický a polský text
Mapy
Uloženo v:
LEADER 02647nem a2200577 i 4500
001 001879613
003 CZ BrMZK
005 20240226155013.0
007 aj canzn
008 231211s2021 xo a 0 slo d
020 |q (Mapa) 
034 1 |a a  |b 50000  |d E0201000  |e E0204700  |f N0492500  |g N0485900 
040 |a BOA001  |b cze  |e rda 
041 0 |a slo  |a pol 
043 |a e-xo---  |a e-pl---  |2 czenas 
072 7 |a 913(437)  |x Geografie Česka a Slovenska, reálie, cestování  |2 Konspekt  |9 7 
072 7 |a 912  |x Mapy. Atlasy. Glóby  |2 Konspekt  |9 7 
080 |a 796.61  |2 MRF 
080 |a 796.51  |2 MRF 
080 |a 913(437.6)  |2 MRF 
080 |a 913(437.6-17)  |2 MRF 
080 |a (084.3)796.61  |2 MRF 
080 |a (084.3)796.5  |2 MRF 
100 1 |a Siska, Martin  |4 aut 
245 1 0 |a Spišská Magura ;  |b Levočské vrchy ; Vysoké Tatry : Cykloturistická mapa doplnená o turistické trasy = Cycling map complete with hiking trails = Mapa rowerowa wraz ze szlakami turystycznymi /  |c Spracovanie a realizácia Martin Siska, Ernest Rusnák 
246 3 0 |a Cykloturistická mapa doplnená o turistické trasy 
246 3 1 |a Cycling map complete with hiking trails 
246 3 1 |a Mapa rowerowa wraz ze szlakami turystycznymi 
255 |a Měřítko 1:50 000  |c (E 20°10'00"--E 20°47'00"/N 49°25'00"--N 48°59'00") 
264 1 |a [Kežmarok] :  |b OOCR Tatry-Spiš-Pieniny,  |c 2021 
300 |a 1 mapy na 2 částech :  |b obě strany, barevná ;  |c 98 x 91 cm, na listu 98 x 68 cm, složeno na 23 x 12 cm 
336 |a kartografický obraz  |b cri  |2 rdacontent 
337 |a bez média  |b n  |2 rdamedia 
338 |a list  |b nb  |2 rdacarrier 
500 |a Název na složené mapě 
500 |a Mapový podklad VKÚ Harmanec, s. r. o. 
500 |a Tipy na výlet s výškovými profily a popisy jednotlivých tras 
546 |a Místní jména slovensky a částečně polsky, souběžný slovenský, anglický a polský text 
650 0 7 |a cykloturistika  |7 ph114274  |z Slovensko  |2 czenas 
650 0 7 |a pěší turistika  |7 ph124864  |z Slovensko  |2 czenas 
651 7 |a Spišská Magura (Slovensko : pohoří)  |7 ge536171  |2 czenas 
651 7 |a Levočské vrchy (Slovensko)  |7 xx0121292  |2 czenas 
651 7 |a Vysoké Tatry (Polsko a Slovensko : pohoří)  |7 ge131355  |2 czenas 
655 7 |a cykloturistické mapy  |7 fd131996  |2 czenas 
655 7 |a turistické mapy  |7 fd133737  |2 czenas 
700 1 |a Rusnák, Ernest  |7 xx0075769  |4 aut 
710 2 |a VKÚ, akciová spoločnosť  |7 ko2009492997  |4 ctg 
910 |a BOA001  |b Mp2-1519.336 
990 |a MP 
991 |b 202401  |c NOV 
996 6 |b 2610959356  |c Mp2-1519.336  |l MZK  |r Sklad / do 1 hodiny  |n 0  |p dar  |w 001950934  |u 000010  |a 1  |e BOA001  |j MZK50  |s P